Communication research: Strategies and sources
Salvato in:
| Autore principale: | |
|---|---|
| Natura: | Libro |
| Lingua: | Undetermined |
| Pubblicazione: |
Belmont, CA
Wadsworth
1995
|
| Soggetti: | |
| Tags: |
Aggiungi Tag
Nessun Tag, puoi essere il primo ad aggiungerne! !
|
| Thư viện lưu trữ: | Trung tâm Học liệu Trường Đại học Cần Thơ |
|---|
| LEADER | 00556nam a2200193Ia 4500 | ||
|---|---|---|---|
| 001 | CTU_59806 | ||
| 008 | 210402s9999 xx 000 0 und d | ||
| 082 | |a 302.2072 | ||
| 082 | |b R896 | ||
| 100 | |a Rebecca B. Rubin | ||
| 245 | 0 | |a Communication research: Strategies and sources | |
| 245 | 0 | |c Rebecca B. Rubin, Alan M. Rubin and Linda J. Piele | |
| 260 | |a Belmont, CA | ||
| 260 | |b Wadsworth | ||
| 260 | |c 1995 | ||
| 650 | |a communication | ||
| 650 | |x research,methodology | ||
| 904 | |i Minh | ||
| 980 | |a Trung tâm Học liệu Trường Đại học Cần Thơ | ||